Voxographie de Adrien Antoine en images - Statistiques

Statistiques générales
  • Ce quiz a été pris 29 fois
  • Le résultat moyen est 6 sur 16
Statistiques - réponses
Par images Réponse % Correct
Batman
100%
Thor
100%
Superman
96%
Geralt de Riv
52%
Jake Sully
52%
Tamatoa
41%
Eric, le chasseur
37%
Kyōjurō Rengoku
33%
Owen Lars
33%
Sterling Archer
22%
Alexios
19%
Mark Landers
19%
Benjamin Lefranc
11%
Kafka Hibino
7%
Vania
0%
Wolf
0%
Aucun quiz correspondant
Distribution des résultats
% des personnes avec chaque résultat
Percentile par nombre de réponses
Votre historique - résultats
Vous n’avez pas pris ce quiz